Statistics for All MLB Teams Ever

Click here to take the quiz!

General Stats

  • This quiz has been taken 88 times
  • The average score is 54 of 89

Answer Stats

Years ActiveTeam% Correct
1968-PresentOakland Athletics
99%
1932-1957Brooklyn Dodgers
96%
1911-1913Brooklyn Dodgers
96%
1959-PresentCincinnati Reds
96%
1890-1952Cincinnati Reds
96%
1878-1880Cincinnati Reds
96%
1958-PresentLos Angeles Dodgers
96%
1913-PresentNew York Yankees
96%
1966-PresentAtlanta Braves
94%
1912-1935Boston Braves
94%
1941-1952Boston Braves
94%
1953-1965Milwaukee Braves
94%
1970-PresentMilwaukee Brewers
93%
1901-1902Milwaukee Brewers
93%
1962-PresentNew York Mets
93%
1891-PresentPittsburgh Pirates
93%
1972-PresentTexas Rangers
93%
1908-PresentBoston Red Sox
91%
1965-PresentHouston Astros
91%
1977-PresentSeattle Mariners
91%
2008-PresentTampa Bay Rays
91%
1902-PresentChicago Cubs
90%
1904-PresentChicago White Sox
90%
1993-PresentColorado Rockies
90%
1993-2011Florida Marlins
90%
2012-PresentMiami Marlins
90%
1885-1957New York Giants
90%
1883-PresentPhiladelphia Phillies
90%
1958-PresentSan Francisco Giants
90%
1997-2004Anaheim Angels
88%
1998-PresentArizona Diamondbacks
88%
1966California Angels
88%
1915-PresentCleveland Indians
88%
1969-PresentKansas City Royals
88%
1961-1965Los Angeles Angels
88%
2005-PresentLos Angeles Angels
88%
1969-PresentSan Diego Padres
88%
1900-PresentSt. Louis Cardinals
88%
2005-PresentWashington Nationals
88%
1901-1902Baltimore Orioles
87%
1882-1899Baltimore Orioles
87%
1954-PresentBaltimore Orioles
87%
1901-PresentDetroit Tigers
85%
1969-2004Montreal Expos
85%
1977-PresentToronto Blue Jays
84%
1961-PresentMinnesota Twins
82%
1961-1971Washington Senators
75%
1901-1960Washington Senators
75%
1998-2007Tampa Bay Devil Rays
66%
1883-1898St. Louis Browns
57%
1902-1953St. Louis Browns
57%
1901-1954Philadelphia Athletics
55%
1876Philadelphia Athletics
55%
1901-1908Boston Americans
52%
1955-1967Kansas City Athletics
52%
1969Seattle Pilots
52%
1876-1882Boston Red Caps
49%
1882-1889Cincinnati Red Stockings
49%
1876-1877Cincinnati Red Stockings
49%
1962-1964Houston Colt .45s
49%
1889-1899Cleveland Spiders
40%
1901-1903Chicago White Stockings
33%
1876-1889Chicago White Stockings
33%
1903-1912New York Highlanders
33%
1883-1906Boston Beaneaters
28%
1953-1958Cincinnati Redlegs
27%
1914-1931Brooklyn Robins
19%
1905-1914Cleveland Naps
19%
1901-1904Cleveland Blues
16%
1887-1888Cleveland Blues
16%
1879-1884Cleveland Blues
16%
1884-1888Brooklyn Trolley Dodgers
15%
1890-1897Chicago Colts
13%
1936-1940Boston Bees
12%
1899-1910Brooklyn Superbas
10%
1878-1885Providence Grays
10%
1889-1898Brooklyn Bridegrooms
9%
1882St. Louis Brown Stockings
9%
1880-1882Worcester Ruby Legs
9%
1898-1901Chicago Orphans
7%
1883-1884New York Gothams
7%
1907-1910Boston Doves
6%
1882-1890Pittsburgh Alleghenys
6%
1899St. Louis Perfectos
6%
1879-1885Buffalo Bisons
4%
1911Boston Rustlers
3%
1881-1888Detroit Wolverines
3%
1886Kansas City Cowboys
3%
1879-1882Troy Trojans
3%

Score Distribution

Percentile by Number Answered

Percent of People with Each Score

Your Score History

You have not taken this quiz